Lesnícke mapovanie a fotogrametria Odborná výberová anotovaná bibliografia

Bibliographic Details
Main Author: Žihlavníková, Elena, 1948- (Author)
Corporate Author: ŠVK (Zvolen) (Author)
Format: Book
Language:Slovak
PhysicalDescription:140 s. 20 cm
Published: Zvolen ŠVK 1975

MARC

LEADER 00000nam a2200000 a 4500
001 vtls001105069
003 SK-MaSNL
005 20260301193857.0
008 250414s1975 xo 0 slo
015 |a SNBA1977 
035 |a SNK000047911 
040 |a SNK  |b slo  |c SNK  |e AACR2 
041 0 |a slo 
044 |a xo  |c SK 
080 |a 634.0.113:528.7:016  |2 1981 
080 |a 528.7  |2 1981 
080 |a 016  |2 1981 
080 |a 634.0.113  |2 1981 
080 |a 634.113  |2 1981 
080 |a 528.71  |2 1981 
100 1 |a Žihlavníková, Elena,  |d 1948-  |4 aut  |9 229704 
245 1 0 |a Lesnícke mapovanie a fotogrametria  |b Odborná výberová anotovaná bibliografia  |c Elena Žíhlavníková 
260 |a Zvolen  |b ŠVK  |c 1975  |e Zvolen  |f ŠVK 
300 |a 140 s.  |c 20 cm 
366 |e 280 výtl. 
500 |a Lit. 164. Reg. men. Rozmn. 164 zázn. lit. o knihách a čl. v jaz. slov., čes., rus., angl., nem., franc. a poĺ. 
700 1 |a Žihlavníková, Elena,  |d 1948-  |4 aut  |9 229704 
710 0 |a ŠVK (Zvolen)  |4 aut  |9 573747 
852 |a Slovenská národná knižnica 
954 |a lesníctvo  |a mapovanie  |a fotogrametria  |a bibliografie odborové 
958 |a OND 
958 |a [NB164] 
958 |a SF 
958 |a RM 
999 |c 879481  |d 881411 
952 |t P60, <04>, [BOOK], {604}  |a SNK  |b SNK  |y VYP  |7 0  |p 17A0149406  |o snkSC 40427 D1  |0 0  |1 0  |4 0  |d 1998-07-14  |l 0  |r 2004-12-31 00:00:00  |w 2026-02-24 
952 |a SNK  |b SNK  |y PREZ  |7 0  |p 17A1000261  |o snkSC 40427   |0 0  |1 0  |4 0  |d 2013-08-16  |l 0  |r 2025-10-15 00:00:00  |w 2026-02-24